Philosophy and analysis : (Record no. 1122)
[ view plain ]
| 000 -LEADER | |
|---|---|
| fixed length control field | 00767cam a2200241u 4500 |
| 001 - CONTROL NUMBER | |
| control field | 1122 |
| 003 - CONTROL NUMBER IDENTIFIER | |
| rucl marc code | BD-RjUL |
| 005 - DATE AND TIME OF LATEST TRANSACTION | |
| control field | 20211208233259.0 |
| 008 - FIXED-LENGTH DATA ELEMENTS--GENERAL INFORMATION | |
| fixed length control field | 131124r19661954nyua 000 0 eng |
| 035 ## - SYSTEM CONTROL NUMBER | |
| System control number | (BD-RjUL) 1144 |
| 040 ## - CATALOGING SOURCE | |
| Original cataloging agency | DLC |
| Transcribing agency | CarP |
| Modifying agency | DLC |
| -- | BD-RjUL |
| Language of cataloging | eng |
| 041 ## - LANGUAGE CODE | |
| Language code of text/sound track or separate title | eng |
| 082 ## - DEWEY DECIMAL CLASSIFICATION NUMBER | |
| Classification number | 100 |
| Author mark and year | PHI 1966 |
| 245 00 - TITLE STATEMENT | |
| Title | Philosophy and analysis : |
| Remainder of title | a selection of articles published in Analysis between 1933-40 and 1947-53. / |
| Statement of responsibility, etc. | Edited by Margaret Macdonald |
| 260 ## - PUBLICATION, DISTRIBUTION, ETC. (IMPRINT) | |
| Place of publication, distribution, etc. | New York : |
| Name of publisher, distributor, etc. | Philosophical Library, |
| Date of publication, distribution, etc. | 1966. |
| 300 ## - PHYSICAL DESCRIPTION | |
| Pagination | viii, 296 p. : |
| Illustrations | diagr. ; |
| Size | 22 cm. |
| 650 #0 - SUBJECT ADDED ENTRY--TOPICAL TERM | |
| Topical term or geographic name as entry element | Analysis (Philosophy) |
| 9 (RLIN) | 282 |
| Topical term or geographic name as entry element | Semantics (Philosophy) |
| 9 (RLIN) | 3310 |
| 700 1# - ADDED ENTRY--PERSONAL NAME | |
| Personal name | Macdonald, Margaret, |
| Relator term | ed. |
| 942 ## - ADDED ENTRY ELEMENTS (KOHA) | |
| Source of classification or shelving scheme | Dewey Decimal Classification |
| Koha item type | Books |
| Lost status | Source of classification or shelving scheme | Damaged status | Not for loan | Collection code | Permanent Location | Current Location | Shelving location | Date acquired | Source of acquisition | Cost, normal purchase price | Total Checkouts | Full call number | Date last seen | Copy number | Koha item type |
|---|---|---|---|---|---|---|---|---|---|---|---|---|---|---|---|
| Dewey Decimal Classification | Non-fiction | Central Library, University of Rajshahi | Central Library, University of Rajshahi | 01/02/1975 | Jonathan | 300.00 | 100 PHI 1966 | 24/11/2013 | C-8 | Books | |||||
| Dewey Decimal Classification | Non-fiction | Central Library, University of Rajshahi | Central Library, University of Rajshahi | 15/02/1963 | Zeetinger | 30.00 | 100 PHI 1954 | 25/11/2013 | C-3 | Books |